000 00647nam a2200217 a 4500
999 _c2895
_d2895
001 2895
003 BD-JhCC
005 20171107205417.0
008 171107s1977 b ||||| |||| 00| 0 be d
035 _a(BD-JhCC)2895
040 _aBD-JhCC
_dBD-JhCC
041 _aben
082 _a891.4409
_bJUN 1977
100 _aজয়েনউদদীন, সরদার
245 _aউল্টো রাজার দেশ /
_cসরদার জয়েনউদদীন
260 _aঢাকা :
_bমুক্তধারা,
_c১৯৭৭
300 _a32 p. :
_c22cm.
650 _aFables fale
942 _2ddc
_cBK